[Event "France-ch U16"]
[Site "Reims"]
[Date "2004.04.18"]
[Round "1"]
[White "Lefevre, Pascal"]
[Black "Heinz, Timothee"]
[Result "0-1"]
[WhiteElo "1920"]
[BlackElo "2120"]
[PlyCount "132"]
[EventDate "2004.04.??"]
[EventType "swiss"]
[EventRounds "9"]
[EventCountry "FRA"]
[SourceTitle "EXT 2005"]
[Source "ChessBase"]
[SourceDate "2004.11.15"]
[SourceVersion "1"]
[SourceVersionDate "2004.11.15"]
[SourceQuality "1"]

1. e4 c5 2. Nf3 d6 3. c3 Nf6 4. Be2 e6 5. 0-0 Be7 6. Re1 0-0 7. d3 Nbd7 8. Nbd2 b6 9. d4 cxd4 10. cxd4 Bb7 11. Bd3 Qc7 12. Nf1 Rac8 13. Ng3 Rfd8 14. Ng5 h6 15. Nh3 Bf8 16. f4 d5 17. e5 Ne4 18. Qg4 Nxg3 19. hxg3 g6 20. f5 exf5 21. Bxf5 Bg7 22. Bd3 Nf8 23. Nf4 Re8 24. Bd2 Ne6 25. Nxe6 Rxe6 26. Qh4 Qe7 27. Rac1 Qxh4 28. gxh4 Rec6 29. Bc3 h5 30. Bb5 R6c7 31. Bd2 Rxc1 32. Rxc1 Rxc1+ 33. Bxc1 f6 34. e6 Kf8 35. Bd7 Ke7 36. Bd2 Kd8 37. Bb4 Bc8 38. Bxc8 Kxc8 39. Kf2 Kd8 40. Bd6 Ke8 41. Bb8 a6 42. Ba7 b5 43. Bc5 Bf8 44. Bb6 Bd6 45. a3 Ke7 46. Ba5 Kxe6 47. Bd2 Kf5 48. Kf3 g5 49. hxg5 fxg5 50. Bc3 Bf4 51. b3 g4+ 52. Kf2 Ke4 53. a4 h4 54. axb5 axb5 55. Ba5 Kxd4 56. Bd8 Bg3+ 57. Ke2 Ke4 58. Bb6 h3 59. gxh3 gxh3 60. Kf1 Kf3 61. Kg1 Be5 62. Ba7 d4 63. Bc5 d3 64. Bb4 Ke2 65. Ba5 d2 66. Bxd2 Kxd2 0-1